000 00877nam a2200229Ia 4500
001 114609
003 DR-UNIBE
005 20260505152755.0
008 260429b2006 mx ||||| |||| 00| 0 spa d
020 _a9707126337
040 _aBIBLIOTECA UNIBE
_cBIBLIOTECA UNIBE
_erda
_bspa
041 _aspa
082 _aF 5834
111 2 _aCumbre de Presidentes de Cortes Supremas y Tribunales de Justicia (8º : San José, Costa Rica)
_9204440
245 1 0 _aCódigo modelo iberoamericano de ética judicial ; Carta de derechos de las personas ante la justicia en el espacio judicial iberoamericano ; Judicial iberoamericano ; Estatuto del juez iberoamericano
260 4 _aMéxico :
_bCumbre Judicial Iberoamericana,
_c2006
300 4 _a59 páginas
650 7 _2lemb
_aJusticia
650 7 _2lemb
_aDerecho y ética
_95571
942 _cMX
_2ddc
951 _a20061022 10:18:00
999 _c114609
_d114609